Estatísticas para Quiz da Turquia

Clique aqui para jogar o quiz

Estatísticas Gerais

  • Esse quiz foi jogado 240 vezes
  • A pontuação média é 9 de 17

Estatísticas das Respostas

DicaResposta% Correto
Qual é a cidade mais populosa da Turquia?Istambul
94%
Qual é a capital da Turquia?Ancara
94%
Qual império turco foi dissolvido em 1923?Império {Otomano}
88%
Os quatro mares fazendo fronteira com a TurquiaMar Mediterrâneo
83%
Os quatro mares fazendo fronteira com a TurquiaMar Negro
78%
Qual foi o antigo nome da cidade?Constantinopla / Bizâncio
76%
Os quatro mares fazendo fronteira com a TurquiaMar Egeu
51%
Qual é o segundo maior grupo étnico na Turquia?Curdos
50%
Qual é a moeda oficial da Turquia?Lira turca
48%
Qual era o título da pessoa que governava esse império?Sultão
44%
Qual é o nome da peninsula onde grande parte da Turquia é localizada?Anatólia
39%
Quem é o fundador da Turquia moderna?Mustafa Kemal Atatürk
35%
Como é conhecida a Mesquita do Sultão Amade?A Mesquita {Azul}
35%
Qual é o título do líder da igreja ortodoxa oriental - baseado naquela cidade?Patriarca Ecumênico
31%
Qual é a maior montanha da Turquia?Ararate
31%
Os quatro mares fazendo fronteira com a TurquiaMar de Mármara
30%
Qual é a terceira maior cidade na Turquia?Esmirna
30%

Distribuição das Pontuações

Percentil de Números Respondidos

Porcentagem de Pessoas com Cada Pontuação

Sua Pontuação Histórica

Você não jogou esse quiz